Manual de prácticas de trabajo social con las mujeres
Uloženo v:
| Hlavní autor: | |
|---|---|
| Médium: | Kniha |
| Jazyk: | španělština |
| Vydáno: |
Madrid
Siglo XXI
1995
|
| Vydání: | 1a. ed |
| Edice: | Acción social. Asistencia social
|
| Témata: | |
| Tagy: |
Přidat tag
Žádné tagy, Buďte první, kdo vytvoří štítek k tomuto záznamu!
|
MARC
| LEADER | 00000nam a2200000 a 4500 | ||
|---|---|---|---|
| 001 | UCI7235 | ||
| 003 | CL-VaPUC | ||
| 008 | 080613e19950000SP |||||||||||||||||spa|d | ||
| 020 | |a 8432308870 | ||
| 082 | 0 | 4 | |a 306.464 |b TRI |2 21 |
| 100 | 0 | |a Trigueros Guardiola, Isabel |e author |9 530395 | |
| 245 | 1 | 0 | |a Manual de prácticas de trabajo social con las mujeres |
| 250 | |a 1a. ed | ||
| 300 | |a 161 p | ||
| 942 | |c BK | ||
| 945 | |d 20080613 00:00:00 |a jtorresc | ||
| 260 | |a Madrid |b Siglo XXI |c 1995 | ||
| 650 | 0 | |a Mujeres |9 257649 | |
| 650 | 0 | |a Condiciones sociales |9 257278 | |
| 650 | 7 | |a PROBLEMAS SOCIALES Y MORALES |2 CL-VaPUC |9 530396 | |
| 650 | 0 | |a Servicio social |9 307999 | |
| 651 | 0 | |a España |9 254926 | |
| 583 | |a last modification |c 20160920 02:56:25 |k Rodrigo Vera | ||
| 490 | 0 | |a Acción social. Asistencia social | |
| 999 | |c 330578 |d 330576 | ||
| 952 | |0 0 |1 0 |4 0 |6 306_464000000000000_TRI_1995 |7 0 |8 R |9 416184 |a BIBGIM |b BIBGIM |d 2019-11-22 |i 4450531 |o 306.464 TRI 1995 |p 4450531 |r 2025-01-15 |w 2019-11-22 |y BK_R |k SSL | ||